000
00329 a2200157 4500
001
59901
020
_a
9783440115701
040
_c
Anchieta - Pituba
100
_a
Marx, André
240
1
0
_a
Feuermond
_l
por
245
1
0
_a
Feuermond
300
_a
376
362
0
_a
2008
650
4
_a
Literatura juvenil em alemão
942
_c
BK
999
_c
59901
_d
59901